Group processes in the classroom (Record no. 58285)
[ view plain ]
| 000 -LEADER | |
|---|---|
| fixed length control field | 00573 a2200229 4500 |
| 020 ## - INTERNATIONAL STANDARD BOOK NUMBER | |
| International Standard Book Number | 0-697-06084-5 |
| 041 ## - LANGUAGE CODE | |
| Language code of text/sound track or separate title | Eng |
| 082 ## - DEWEY DECIMAL CLASSIFICATION NUMBER | |
| Classification number | 371.3 |
| Item number | Sch56g |
| 100 ## - MAIN ENTRY--PERSONAL NAME | |
| Personal name | Schmuck, Richard A. |
| 9 (RLIN) | 18152 |
| 100 ## - MAIN ENTRY--PERSONAL NAME | |
| Personal name | Schmuck, Patricia A. |
| 9 (RLIN) | 18153 |
| 245 ## - TITLE STATEMENT | |
| Title | Group processes in the classroom |
| 260 ## - PUBLICATION, DISTRIBUTION, ETC. | |
| Place of publication, distribution, etc. | Dubuque |
| Name of publisher, distributor, etc. | WM. C.Brown |
| Date of publication, distribution, etc. | c1971 |
| 300 ## - PHYSICAL DESCRIPTION | |
| Extent | xi, 156p. |
| 504 ## - BIBLIOGRAPHY, ETC. NOTE | |
| Bibliography, etc. note | Bibliography: p. 144-150 |
| 650 ## - SUBJECT ADDED ENTRY--TOPICAL TERM | |
| Topical term or geographic name entry element | Classrooms |
| 9 (RLIN) | 17382 |
| 650 ## - SUBJECT ADDED ENTRY--TOPICAL TERM | |
| Topical term or geographic name entry element | Leadership |
| 650 ## - SUBJECT ADDED ENTRY--TOPICAL TERM | |
| Topical term or geographic name entry element | Communication |
| 9 (RLIN) | 564 |
| 653 ## - INDEX TERM--UNCONTROLLED | |
| Uncontrolled term | Teaching |
| 942 ## - ADDED ENTRY ELEMENTS (KOHA) | |
| Source of classification or shelving scheme | Dewey Decimal Classification |
| Koha item type | General Collections |
| 518 ## - DATE/TIME AND PLACE OF AN EVENT NOTE | |
| -- | 2011-02-17 |
| 530 ## - ADDITIONAL PHYSICAL FORM AVAILABLE NOTE | |
| -- | M |
| Withdrawn status | Lost status | Source of classification or shelving scheme | Damaged status | Not for loan | Home library | Current library | Date acquired | Total Checkouts | Full call number | Barcode | Date last seen | Copy number | Price effective from | Koha item type |
|---|---|---|---|---|---|---|---|---|---|---|---|---|---|---|
| Dewey Decimal Classification | Tribhuvan University Central Library | Tribhuvan University Central Library | 02/17/2011 | 371.3 Sch56g | G15178 | 02/17/2011 | 1 | 02/17/2011 | General Collections |
